000 00616cam a22002053a 4500
001 40459
003 PGUSA
005 20140828083914.0
008 120809s2012||||xxu|||||s|||||000 | eng d
040 _aPGUSA
_beng
042 _adc
100 1 _aRomanes, George J.
245 1 0 _aAnimal Intelligence :
_bThe International Scientific Series, Vol. XLIV.
_h[electronic resource] /
_cGeorge J. Romanes
260 _bProject Gutenberg,
_c2012
506 _aPublic domain in the USA.
516 _aElectronic text
830 0 _aProject Gutenberg
_v40459
856 4 0 _uhttp://www.gutenberg.org/ebooks/40459
942 _cEB
999 _c269712
_d269712